000 01022cam a2200445ua 4500
020 _c6.90
041 _aeng
_h
082 _a510
_bKUN/UN
100 _aKunjipaulo, A O .
245 _aUniversity mathematics /
_cA O Kunjipaulo.
_hTextual Documents
250 _a1 /
_b.
260 _aCalicut :
_bXavier press ,
_c1988.
300 _a346 ; .
365 _a6.90
504 _a
942 _cBK
999 _c10912
_d10912